000 00196 a2200097 4500
020 _a9788471319364
041 _aspa
100 _aBarbara Gallavotti
245 _aLa vida en la Tierra
942 _cBK
999 _c15236
_d15236